Normal view
MARC view
- FAZAL-UR-REHMAN SYED COLONEL
Entry Personal Name
001 - CONTROL NUMBER
- control field: 73700
003 - CONTROL NUMBER IDENTIFIER
- control field: NUST
005 - DATE AND TIME OF LATEST TRANSACTION
- control field: 20210628205048.0
008 - FIXED-LENGTH DATA ELEMENTS
- fixed length control field: 210628|| aca||aabn | a|a d
040 ## - CATALOGING SOURCE
- Original cataloging agency: NUST
- Transcribing agency: NUST
100 ## - HEADING--PERSONAL NAME
- Personal name: FAZAL-UR-REHMAN SYED COLONEL
670 ## - SOURCE DATA FOUND
- Source citation: Work cat.: (NUST): FAZAL-UR-REHMAN SYED COLONEL, MILITARY HISTORY A SCIENTIFIC PERSPECTIVE, 1979
